000 01173nam0a22002771 4500
001 rc\4216469
005 20130415200356.7
021 _aRU
_b[50-12572]
035 _a(NLR Aleph) 008212280
090 _a8104070
_c8104070
100 _a20130415d1949 |||y0rusy50 ca
101 0 _arus
102 _aRU
105 _ay z |||||
200 1 _aХарактеристика малого периодического ремонта моторных вагонов серии "Х" и прицепных вагонов серии "М"
_eУтв. Коммун. Отд. Исполкома Ергорсовета
210 _aЕреван
_cТип. № 1 Правл. Армполиграфиздата
_d1949
215 _a16 с.
_d20
300 _aВ конце текста сост.: инж. Довлатян А.Г.
606 _aТрамвайные вагоны
_xРемонт
_2psbo
702 1 _aДовлатян
_bА. Г.
_4220
712 0 2 _aЕреванский гор. отдел коммунального хозяйства
_3RU\NLR\AUTH\8810024606
801 0 _aRU
_bNLR
_gpsbo
801 1 _aRU
_bELAR
_2rusmarc
852 _aNLR
_jТ88 Г-4/517
942 _cBOOK
980 _aNB